Responses for Show #5903 - Wednesday, April 21, 2010

Contestants

[<< previous game]

Patsy Chrysson, a computer programmer from Winston-Salem, North Carolina

Phil Bucska, a high school history teacher originally from Woodhaven, Michigan

Amy Wilson, a creative writing and women's studies student originally from Portland, Oregon (whose 1-day cash winnings total $19,999)

[next game >>]

Jeopardy! Round responses

THE AUTO MAN EMPIRE
THE FILM THAT ALMOST WAS
SPACE MISSIONS
BUSY AS A BEAVER
DECADES OF BESTSELLERS
SKIP TO MY "LOO"
    $200 11
[Noticeable edit after Phil delivers his correct response; possibly they had to check the correctness of the first name]

Walter Chrysler

Phil
    $200 23
Indiana Jones

Phil
    $200 16
the poles

Amy
    $200 17
Leave It to Beaver

Phil
    $200 1
the 2000s

Amy
    $200 6
a doubloon

Amy
    $400 12
Chevrolet

Phil
    $400 24
M&Ms

Phil
    $400 27
Pluto

Patsy
    $400 18
Oregon (or New York)

Phil
    $1,000 2
(Amy: What are the 1970s?)

the '60s

Amy
    $400 7
aloof

Amy
    $600 13
Ferrari

Phil
    $600 21
Mr. & Mrs. Smith

Phil
    $600 28
the solar wind

Patsy
    $600 19
White Fang

Amy
    $600 5
(Patsy: What is the '40s?)

the 1950s

PhilPatsy
    $600 8
a sloop

Patsy
    $800 14
Buick

Phil
    $800 25
The Matrix

Phil
    $800 29
Saturn

Amy
    $800 20
(Phil: What is Beaver Valley?)

Beaver Falls

Phil
Triple Stumper
    $800 3
the 1930s

Patsy
    $800 9
looseleaf

Amy
    $1000 15
British Leyland

Patsy
    $1000 26
Beverly Hills Cop

Phil
    $1000 30
(Phil: What is Neptune?)
(Amy: What is Uranus?)

Mercury

AmyPhil
Triple Stumper
    $1000 22
(Amy: Who is C.S. Lewis?)

Lewis Carroll

Amy
Triple Stumper
    $1000 4
(Patsy: What is the '70s?)
(Amy: What are the '90s?)

the 1980s

AmyPhilPatsy
    $1000 10
Kowloon

Phil

Scores at the first commercial break (after clue 15):

Amy Phil Patsy
-$400 $4,600 $800

Scores at the end of the Jeopardy! Round:

Amy Phil Patsy
-$800 $6,400 $1,800

Double Jeopardy! Round responses

THE OTTOMAN EMPIRE
MUSICAL PRIME NUMBERS
PHILOSOPHY GLOSSARY
EDIBLES INSTANT REPLAY REVIEW
X MARKS THE SPOT
(Alex: Because there will be an "X" in each correct response.)
AskOxford.com
    $400 4
Suleiman

Patsy
    $400 30
1999

Patsy
    $400 9
existentialism

Amy
    $400 21
sausage

Phil
    $400 16
Fort Knox

Amy
    $400 1
sic

Amy
    $800 5
Crete

Phil
    $800 29
17

Amy
    $800 10
ethics

Phil
    $800 22
Limburger

Phil
    $800 17
Luxembourg

Phil
    $800 2
cats

Triple Stumper
    $1200 6
(Mustafa) Kemal (or Kemal Ataturk)

Phil
    $1200 26
1493

Amy
    $1200 11
pragmatism

Triple Stumper
    $1200 23
torte

Triple Stumper
    $1200 18
Halifax

Phil
    $1200 3
pound

Phil
    $1600 7
Anatolia

Phil
    $1600 27
103

Amy
    $2,000 12
stoicism

Phil
    $1600 24
a perch

Patsy
    $2,000 19
Phoenix

Phil
    $1600 14
(Patsy: What is e.g.?)

q.v.

Patsy
Triple Stumper
    $2000 8
(grand) vizier

Phil
    $2000 28
(Phil: What is 25?)

23

PhilPatsy
    $2000 13
syllogism

Amy
    $2000 25
the round

Amy
    $2000 20
Chamonix

Phil
    $2000 15
tertiary

Amy

Scores at the end of the Double Jeopardy! Round:

Amy Phil Patsy
$10,000 $21,200 $4,600
(lock game)

[wagering suggestions for these scores]

Final Jeopardy! Round responses

SAINTHOOD
(Alex: [*] and the lepers of Hawaii.)
PatsyWho is Father Serra?
$4,000
AmyWho is ?
$500
PhilWho is St Benjamin?
$800
Father Damien

Final scores:

Amy Phil Patsy
$9,500 $20,400 $600
2nd place: $2,000 New champion: $20,400 3rd place: $1,000

Game dynamics:

Coryat scores:

Amy Phil Patsy
$11,000 $20,400 $4,600
16 R,
4 W
(including 1 DD)
27 R
(including 2 DDs),
3 W
9 R,
3 W

Combined Coryat: $36,000

[game clues] [game scores] [suggest correction]

Game tape date: 2010-02-02
The J! Archive is created by fans, for fans. Scraping, republication, monetization, and malicious use prohibited; this site may use cookies and collect identifying information. See terms. The Jeopardy! game show and all elements thereof, including but not limited to copyright and trademark thereto, are the property of Jeopardy Productions, Inc. and are protected under law. This website is not affiliated with, sponsored by, or operated by Jeopardy Productions, Inc. Join the discussion at JBoard.tv.